000 00712nam a2200265Ia 4500
005 20260302114157.0
008 008 260114s9999 xx 000 0 eng d
020 _a9781666982749
037 _aTextbook
040 _aCRL
040 _beng
040 _cCRL
041 _2eng
041 _aeng
084 _qCRL
100 _aLiran Shia Gordon
_91117991
245 2 _aA Metaphysics of Creation for the Information Age A Dialogue with Duns Scotus
260 _bBloomsbury
260 _bLexington Books
260 _c2022
650 _aPhilosophy
856 _uhttps://doi.org/10.5040/9781666982749?locatt=label:secondary_bloomsburyCollections
942 _cEBOOK
999 _c1681616
_d1681616